| 000 | 00974nam a2200277 i 4500 | ||
|---|---|---|---|
| 001 | 179817 | ||
| 003 | ES-MaACL | ||
| 005 | 20250824215455.0 | ||
| 008 | 120126s2010 sp |||| |dspa d | ||
| 020 | _a978-84-935018-6-0 | ||
| 080 | _a821.134.2-31"19" | ||
| 080 | _a94(470)"1917/21"(0:82) | ||
| 100 | 1 |
_aChaves Nogales, Manuel, _d1897-1944 _938275 |
|
| 245 | 1 | 3 |
_aEl maestro Juan Martínez que estaba allí / _cManuel Chaves Nogales ; prólogo de Andrés Trapiello. |
| 250 | _a7ª ed. | ||
| 260 |
_aBarcelona : _bLibros del Asteroide, _c2010. |
||
| 300 |
_aXX, 287 p. ; _c20 cm. |
||
| 490 | 1 |
_aLibros del Asteroide ; _v17 |
|
| 500 | _aÍndice. | ||
| 651 | 7 |
_aRusia- _xHistoria- _y1917-1921, Revolución- _vNovelas. _9149224 |
|
| 700 | 0 |
_aTrapiello, Andrés, _d1953- _9111233 |
|
| 830 | 0 | 0 |
_aLibros del Asteroide _v17 _9191112 |
| 852 |
_aES-MaACL _jA-11930 _9186717 _bR.146752 _cDEPO1 _dOlim: N-4935 |
||
| 942 |
_2udc _cMONOGRAFIA |
||
| 999 |
_c179817 _d179817 |
||